• 首页
  • 本馆介绍
  • 公告通知
  • 最新文献
  • 馆藏检索
  • 电子资源
  • 读者导购
  • 参考咨询
  • 我的图书馆
  • 登录
  • 详细信息显示
  • 放入我的书架
  • 预约/预借图书
  • 作者相关作品
  • 分类相关作品
  • 丛书相关作品
  • 出版社相关作品

书目信息

  • 表格格式
  • 工作单格式
  • 卡片格式
题名:
中小型电视系统
    
 
作者: 葛惠强 编著
分册:  
出版信息: 上海   华东师范大学出版社  1999
页数: 414页
开本: 20cm
丛书名:
单 册:
中图分类: G432
科图分类:
主题词: 电化教学 , 电化教育
电子资源:
ISBN: 7-5617-1966-3
000 00577nam0 2200205 450
001 0730272216
005 20070704145430.10
010    @a7-5617-1966-3@dCNY18.00
100    @a20070703d1999 km y0chiy0120 ea
101 0  @achi
102    @aCN@b310000
200 1  @a中小型电视系统@Azhong xiao xing dian shi xi tong@f葛惠强编著@Fge hui qiang bian zhu
210    @a上海@c华东师范大学出版社@d1999
215    @a414页@d20cm
606 0  @a电化教学
606 0  @a电化教育
690    @aG432@v3
701  0 @a葛惠强@Age hui qiang@4编著
801  0 @aCN@bPFT@c20070704
905    @a10447@dG432@e74
    
    中小型电视系统/葛惠强编著.-上海:华东师范大学出版社,1999
    414页;20cm
    
    
    ISBN 7-5617-1966-3:CNY18.00
    
●
相关链接 在E读中查询图书 在五车中查询图书 在当当中查询图书 在豆瓣中查询图书


正题名:中小型电视系统     索取号:G432/74         预约/预借

序号 登录号 条形码 馆藏地/架位号 状态 备注
1 0764811   207648116   第一样本阅览室/ [索取号:G432/74] 在馆    
唐山师范学院图书馆 欢迎您!
大连网信软件有限公司© 版权所有